00225 a2200097 4500001000700000040003500007100002300042240002900065245002400094362000900118152976 cEscola São Tomás de Aquino aMACHADO, Ana Maria10aSeverino faz choverlpor10aSeverino faz chover0 a1994